| 000 | 00396pam a2200145a 44500 | ||
|---|---|---|---|
| 008 | 230405s2017 xxu||||| |||| 00| 0 eng d | ||
| 041 | _aENG | ||
| 100 | _aSagwal S.S. | ||
| 245 | _aMODERN DICTIONARY OF ECO-ENVIRONMENT | ||
| 250 | _a2002 Ed. | ||
| 260 |
_aNEW DELHI _bKalyani Publishers _c2017 |
||
| 300 | _a284p. | ||
| 440 | _aUNIVERSAL BOOK STOLL, PUNE , B-142, DT-16/09/2003 | ||
| 906 | _a484 | ||
| 999 |
_c289362 _d289362 |
||